Normal view
MARC view
Entry Personal Name
001 - CONTROL NUMBER
- control field: 19371
003 - CONTROL NUMBER IDENTIFIER
- control field: OSt
005 - DATE AND TIME OF LATEST TRANSACTION
- control field: 20230217111346.0
008 - FIXED-LENGTH DATA ELEMENTS
- fixed length control field: 230217|| aca||aabn | a|a d
040 ## - CATALOGING SOURCE
- Original cataloging agency: OSt
- Transcribing agency: OSt
100 ## - HEADING--PERSONAL NAME
- Personal name: ဇေယျပဏ္ဍိတ၊ အရှင်၊ ပိုင်းလော့ဆရာတော်
670 ## - SOURCE DATA FOUND
- Source citation: Work cat.: (OSt): ဇေယျပဏ္ဍိတ၊ အရှင်၊ ပိုင်းလော့ဆရာတော်, တုနိုင်းမဲ့ကြည်ညိုဖွယ်မြတ်ဗုဒ္ဓနှင့်မြတ်ဗုဒ္ဓ၏အလုပ်ပေးတရား\, ၂၀၀၆